| 000 | 00423nam a2200181Ia 4500 | ||
|---|---|---|---|
| 001 | 18628 | ||
| 005 | 20260306171644.0 | ||
| 008 | 260306s9999||||xx |||||||||||||| ||und|| | ||
| 041 | _aESP | ||
| 082 |
_a658.4092 _bK468 |
||
| 100 |
_aKotter, John P., _eAUT |
||
| 245 | 0 | _aEl líder del cambio | |
| 260 | _c1997 | ||
| 300 |
_axii, 207 páginas : _c23 cm. |
||
| 650 | _aGEN | ||
| 654 | _aCAN | ||
| 942 |
_cLIB _dJUS _fJUS _2ddc _n |
||
| 999 |
_c18628 _d18628 |
||